| 000 | 00301 a2200085 4500 | ||
|---|---|---|---|
| 082 | _a388.3122 PUN | ||
| 245 |
_aPunjab Traffic and Transport Manual : Signs, Signals and Pavement Markings [vol 1]/ _cGovernment of the Punjab |
||
| 260 |
_aPakistan : _c2008 |
||
| 300 |
_axiii, 346p. : _bcol. ,ill. ; _c27 cm |
||
| 650 | _aTraffic - Transport | ||
| 999 |
_c941 _d941 |
||